Teoría microeconómica (Registro nro. 59237)
[ vista simple ]
| 000 -ENCABEZADO | |
|---|---|
| Número de control [NR] | 01507nam a2200373Ia 4500 |
| 005 - FECHA Y HORA DE LA ÚLTIMA TRANSACCIÓN | |
| control field | 20211105120542.0 |
| 008 - DE LONGITUD FIJA DE DATOS DE ELEMENTOS - INFORMACIÓN GENERAL | |
| Elementos de longitud fija [NR] | 130821s2008 ag d fr 1 spa d |
| 020 ## - NUMERO INTERNACIONAL NORMALIZADO PARA LIBROS [R] | |
| ISBN Cancelado/ Invalidado [R] | 9706865489 |
| 020 ## - NUMERO INTERNACIONAL NORMALIZADO PARA LIBROS [R] | |
| Número Internacional Normalizado del libro [NR] | 9786075220284 (11a.Ed.) |
| 020 ## - NUMERO INTERNACIONAL NORMALIZADO PARA LIBROS [R] | |
| Número Internacional Normalizado del libro [NR] | 9789706865489 (9a.Ed.) |
| 040 ## - FUENTE DE CATALOGACION [NR] | |
| Agencia de catalogación original [NR] | CO-BoUCM |
| Idioma de catalogación [NR] | spa |
| Quien Cataloga | Saul Niño (Modificó) |
| Quien Clasifica | Aldemar Mondragón (modificó) |
| 041 10 - CODIGO DE IDIOMA [R] | |
| Código de idioma para texto/pista de sonido o título separado [R] | Español |
| 100 1# - ASIENTO PRINCIPAL--NOMBRE PERSONAL [NR] | |
| Nombre personal [NR] | Nicholson, Walter |
| ID Autoridad | 33531 |
| 245 10 - MENCION DE TITULO [NR] | |
| Título [NR] | Teoría microeconómica |
| Parte restante del título [NR] | principios básicos y ampliaciones |
| Mención de responsabilidad, etc. [NR] | Walter Nicholson, Christopher Snyder ; traducción Enrique C. Mercado González ; revisión técnica Dr. Jesús A. Valdés Díaz de Villegas |
| 250 ## - MENCION DE EDICION [NR] | |
| Mención de edición [NR] | 11a ed |
| 260 ## - PUBLICACION, DISTRIBUCION, ETC. (PIE DE IMPRENTA) [R] | |
| Lugar de publicación, distribución, etc. [R] | Buenos Aires (Argentina) |
| Nombre del editor, distribuidor, etc. [R] | Cengage Learning |
| Fecha de publicación, distribución, etc. [R] | 2008 |
| 300 ## - DESCRIPCION FISICA [R] | |
| Extensión [R] | xxi, 757 páginas |
| Otros detalles físicos [NR] | ilustraciones, gráficos |
| 500 ## - NOTA GENERAL [R] | |
| Nota general [NR] | Incluye índice |
| 650 #7 - ASIENTO SECUNDARIO DE MATERIA - TERMINO TEMATICO [R] | |
| Término temático o nombre geográfico como elemento de entrada [NR] | Economía |
| 9 (RLIN) | 174 |
| 650 #7 - ASIENTO SECUNDARIO DE MATERIA - TERMINO TEMATICO [R] | |
| Término temático o nombre geográfico como elemento de entrada [NR] | Mercados |
| 9 (RLIN) | 19357 |
| 650 #7 - ASIENTO SECUNDARIO DE MATERIA - TERMINO TEMATICO [R] | |
| Término temático o nombre geográfico como elemento de entrada [NR] | Microeconomía |
| 9 (RLIN) | 19488 |
| 650 #7 - ASIENTO SECUNDARIO DE MATERIA - TERMINO TEMATICO [R] | |
| Término temático o nombre geográfico como elemento de entrada [NR] | Microeconomía |
| Subdivisión de forma [R] | Modelos matemáticos |
| 9 (RLIN) | 19488 |
| 650 #7 - ASIENTO SECUNDARIO DE MATERIA - TERMINO TEMATICO [R] | |
| Término temático o nombre geográfico como elemento de entrada [NR] | Microeconomía |
| Subdivisión de forma [R] | Problemas, ejercicios, etc. |
| 9 (RLIN) | 19488 |
| 690 ## - ASUNTO AGREGADO LOCAL DE ENTRADA - TÉRMINO TEMÁTICO (OCLC, RLIN) | |
| Acceso temático local | Economía |
| 9 (RLIN) | 174 |
| 690 ## - ASUNTO AGREGADO LOCAL DE ENTRADA - TÉRMINO TEMÁTICO (OCLC, RLIN) | |
| Acceso temático local | Microeconomía |
| 9 (RLIN) | 19488 |
| 700 1# - ASIENTO SECUNDARIO - NOMBRE PERSONAL [R] | |
| Nombre personal [NR] | Snyder, Christopher |
| 9 (RLIN) | 41737 |
| 700 1# - ASIENTO SECUNDARIO - NOMBRE PERSONAL [R] | |
| Nombre personal [NR] | Mercado González, Enrique C. |
| Término de relación [R] | traductor |
| 9 (RLIN) | 79088 |
| 700 1# - ASIENTO SECUNDARIO - NOMBRE PERSONAL [R] | |
| Nombre personal [NR] | Valdés Díaz de Villegas, Jesús A. |
| 9 (RLIN) | 78779 |
| 700 1# - ASIENTO SECUNDARIO - NOMBRE PERSONAL [R] | |
| Nombre personal [NR] | Muñoz Sánchez, Mercedes |
| 9 (RLIN) | 79089 |
| 700 1# - ASIENTO SECUNDARIO - NOMBRE PERSONAL [R] | |
| Nombre personal [NR] | Ávalos Bracho, Marcos S. |
| 9 (RLIN) | 79090 |
| 765 1# - ASIENTO DE IDIOMA ORIGINAL [R] | |
| Título [NR] | Microeconomic theory: basic principles |
| 942 ## - ELEMENTOS DE ENTRADA AGREGADOS (KOHA) | |
| Tipo de ítem principal el descrito en 300a | Libro |
| Tema principal | Economía |
| Edición | 11 |
| Parte restante de la signatura top. | N624tcen |
| Sistema de clasificación | DEWEY |
| Clasificación | 338.5 |
| Fecha de último préstamo | Total préstamos | Total Renewals | Signatura topográfica | Código de barras | Última vez visto | Volúmen / Fascículo | Ejemplar | Price effective from | Tipo de ítem | Perdido | Sistema de clasificación | Dañado | No prestable | Tipo de ítem específico | Suprimido | Ubicación habitual | Ubicación actual | Localización | Fecha de creación | Forma de adquisición | Costo | Costo de reposición | Proveedor | Nota pública (OPAC) |
|---|---|---|---|---|---|---|---|---|---|---|---|---|---|---|---|---|---|---|---|---|---|---|---|---|
| 24/02/2020 | 6 | 1 | 338.5 N624tcen | 100096609 | 03/07/2021 | 9a.Ed. | Ej.1 | 03/02/2013 | Libro | DEWEY | Libro | Bodega | Bodega | Préstamo 4 días después de solicitado | 30/09/2009 | Compra | 138000.00 | |||||||
| 338.5 N624tcen | 100159982 | 20/02/2026 | 11a.Ed. | Ej.4 | 09/05/2019 | Libro de reserva | DEWEY | Libro de reserva | Claustro | Claustro | Mezanine | 09/05/2019 | Compra | 99900.00 | 99900.00 | 37 | ||||||||
| 24/06/2025 | 12 | 10 | 338.5 N624tcen | 100159983 | 03/12/2025 | 11a.Ed. | Ej.6 | 09/05/2019 | Libro | DEWEY | Libro | Claustro | Claustro | Mezanine | 09/05/2019 | Compra | 99900.00 | 99900.00 | 37 | Colección Fundamentos | ||||
| 29/01/2024 | 1 | 338.5 N624tcen | 100149593 | 10/12/2025 | 11a.Ed. | Ej.2 | 22/08/2016 | Libro | DEWEY | Libro | Sede del emprendimiento y la innovación | Sede del Emprendimiento, Innovación y Creación | 1er piso | 22/08/2016 | Compra | 120000.00 | 120000.00 | 106 | ||||||
| 11/08/2023 | 2 | 338.5 N624tcen | 100149594 | 10/12/2025 | 11a.Ed. | Ej.3 | 22/08/2016 | Libro | DEWEY | Libro | Sede del emprendimiento y la innovación | Sede del Emprendimiento, Innovación y Creación | 1er piso | 22/08/2016 | Compra | 120000.00 | 120000.00 | 106 | ||||||
| 29/01/2026 | 1 | 3 | 338.5 N624tcen | 100149592 | 27/03/2026 | 11a.Ed. | Ej.1 | 22/08/2016 | Libro | DEWEY | Libro | Sede del emprendimiento y la innovación | Sede del Emprendimiento, Innovación y Creación | 1er piso | 22/08/2016 | Compra | 120000.00 | 120000.00 | 106 |